000 00572nam a2200205Ia 4500
005 20250923150011.0
008 008 250917s9999 xx 000 0 eng d
037 _aTextual
040 _aDSWL
_beng
_cDSWL
041 _aeng
_2eng
084 _aYX;5.2, N90
_qDSWL
100 _aParanjpe, Nalini
_9841149
245 0 _aSocial welfare in India
_c by Nalini Paranjpe
260 _aNew Delhi
_b Associated Pub. House
_c1990
300 _avi,92 p.
365 _aINR
_b100.00
925 _g100.00
942 _cTEXL
_hYX;5.2, N90
999 _c1458346
_d1458346